Detalles MARC
| 000 -LEADER |
| fixed length control field |
01815nam a2200457Ii 4500 |
| 001 - CONTROL NUMBER |
| control field |
DIGOLEJNK0308 |
| 003 - CONTROL NUMBER IDENTIFIER |
| control field |
NyNyDIG |
| 006 - FIXED-LENGTH DATA ELEMENTS--ADDITIONAL MATERIAL CHARACTERISTICS |
| fixed length control field |
m o d |
| 007 - PHYSICAL DESCRIPTION FIXED FIELD--GENERAL INFORMATION |
| fixed length control field |
cr ||||||||||| |
| 008 - FIXED-LENGTH DATA ELEMENTS--GENERAL INFORMATION |
| fixed length control field |
220524s2019 cl o 000 0 spa d |
| 035 ## - SYSTEM CONTROL NUMBER |
| System control number |
(OCoLC)1335132253 |
| 040 ## - CATALOGING SOURCE |
| Original cataloging agency |
DGITA |
| Language of cataloging |
eng |
| Description conventions |
rda |
| -- |
pn |
| Transcribing agency |
DGITA |
| 020 ## - INTERNATIONAL STANDARD BOOK NUMBER |
| Canceled/invalid ISBN |
9789563925784 |
| 041 1# - LANGUAGE CODE |
| Language code of text/sound track or separate title |
spa |
| Language code of original |
fre |
| 050 14 - LIBRARY OF CONGRESS CALL NUMBER |
| Classification number |
JC423 ebook |
| 082 04 - DEWEY DECIMAL CLASSIFICATION NUMBER |
| Classification number |
321.8 |
| 100 1# - MAIN ENTRY--PERSONAL NAME |
| Personal name |
Burdeau, Georges, |
| Relator term |
author. |
| 240 10 - UNIFORM TITLE |
| Uniform title |
Démocratie. |
| Language of a work |
Spanish |
| Version |
(Latorre) |
| 245 13 - TITLE STATEMENT |
| Title |
La democracia / |
| Statement of responsibility, etc. |
Georges Burdeau ; edición al cuidado de Carlos Antonio Agurto Gonzáles [and 3 others] ; traducción de Ángel Latorre. |
| 264 #1 - PRODUCTION, PUBLICATION, DISTRIBUTION, MANUFACTURE, AND COPYRIGHT NOTICE |
| Place of production, publication, distribution, manufacture |
Santiago, Chile : |
| Name of producer, publisher, distributor, manufacturer |
Ediciones Olejnik, |
| Date of production, publication, distribution, manufacture, or copyright notice |
[2019] |
| 300 ## - PHYSICAL DESCRIPTION |
| Extent |
1 online resource. |
| 336 ## - CONTENT TYPE |
| Content type term |
text |
| Content type code |
txt |
| Source |
rdacontent |
| 337 ## - MEDIA TYPE |
| Media type term |
computer |
| Media type code |
c |
| Source |
rdamedia |
| 338 ## - CARRIER TYPE |
| Carrier type term |
online resource |
| Carrier type code |
cr |
| Source |
rdacarrier |
| 347 ## - DIGITAL FILE CHARACTERISTICS |
| File type |
text file |
| Source |
rdaft |
| 347 ## - DIGITAL FILE CHARACTERISTICS |
| Encoding format |
PDF |
| 490 1# - SERIES STATEMENT |
| Series statement |
Biblioteca de derecho constitucional |
| 588 0# - SOURCE OF DESCRIPTION NOTE |
| Source of description note |
Online resource; title from PDF title page (Digitalia, viewed May 24, 2022) |
| 650 #0 - SUBJECT ADDED ENTRY--TOPICAL TERM |
| Topical term or geographic name entry element |
Democracy. |
| 655 #0 - INDEX TERM--GENRE/FORM |
| Genre/form data or focus term |
Electronic books. |
| 700 1# - ADDED ENTRY--PERSONAL NAME |
| Personal name |
Agurto Gonzáles, Carlos Antonio, |
| Relator term |
editor. |
| 700 1# - ADDED ENTRY--PERSONAL NAME |
| Personal name |
Latorre, Ángel, |
| Relator term |
translator. |
| 700 1# - ADDED ENTRY--PERSONAL NAME |
| Relationship information |
Translation of: |
| Personal name |
Burdeau, Georges. |
| Title of a work |
Démocratie. |
| 791 2# - |
| -- |
Digitalia (Firm), |
| -- |
distributor. |
| 793 0# - |
| -- |
Digitalia eBook Collection: |
| -- |
Ediciones Olejnik |
| 776 08 - ADDITIONAL PHYSICAL FORM ENTRY |
| Relationship information |
Print version: |
| Main entry heading |
Burdeau, Georges. |
| Uniform title |
Démocratie. Spanish (Latorre). |
| Title |
Democracia. |
| Edition |
Primera edición en Ediciones Olejnik. |
| Place, publisher, and date of publication |
Santiago, Chile : Ediciones Olejnik, 2019 |
| International Standard Book Number |
9789563925784 |
| 830 #0 - SERIES ADDED ENTRY--UNIFORM TITLE |
| Uniform title |
Biblioteca de derecho constitucional (Ediciones Olejnik) |
| 856 40 - ELECTRONIC LOCATION AND ACCESS |
| Materials specified |
Digitalia Hispánica |
| Uniform Resource Identifier |
<a href="https://www.digitaliapublishing.com/a/104745/">https://www.digitaliapublishing.com/a/104745/</a> |
| 910 ## - USER-OPTION DATA (OCLC) |
| User-option data |
Premium collection: 2022 |
| 942 ## - ADDED ENTRY ELEMENTS (KOHA) |
| Koha item type |
Recurso Electrónico |